Flags With Eagles - Sudden Death - Statistics

General Stats
  • This quiz has been taken 556 times
  • The average score is 5 of 9
Answers on the Grid
Answers color-coded by a green-red scale on the quiz's grid according to % correct below.
Albania
Egypt
Kazakhstan
Mexico
Montenegro
Moldova
Serbia
Zambia
Zimbabwe
Ecuador
Kyrgyzstan
Australia
Chad
Botswana
Italy
Uruguay
Dominican Republic
Russia
 
Answer Stats
Answer % Correct
Mexico
78%
Albania
77%
Egypt
63%
Montenegro
56%
Moldova
53%
Serbia
52%
Zambia
38%
Kazakhstan
36%
Zimbabwe
26%
No matching quizzes found
Score Distribution
Percent of People with Each Score
Percentile by Number Answered
Your Score History
You have not taken this quiz